Pokémon - Les attaques de Flobio - Statistiques

Statistiques générales
  • Ce quiz a été pris 17 fois
  • Le résultat moyen est 10 sur 18
Statistiques - réponses
Niveaux Types Noms des attaques % Correct
Départ Normal Charge
100%
Niveau 55 Eau Hydrocanon
90%
Départ Eau Pistolet à O
90%
Départ Évolution Sol Tir de Boue
90%
Niveau 20 Eau Vibraqua
80%
Niveau 25 Roche Éboulement
70%
Départ Normal Rugissement
70%
Départ Sol Séisme
70%
Niveau 30 Normal Bélier
60%
Niveau 40 Eau Ocroupi
60%
Niveau 9 Roche Jet-Pierres
50%
Niveau 35 Psy Amnésie
40%
Départ Eau Surf
40%
Niveau 12 Normal Abri
30%
Niveau 45 Normal Grincement
30%
Départ Combat Éclate-Roc
20%
Niveau 50 Normal Effort
20%
Niveau 15 Normal Ultrason
10%
Aucun quiz correspondant
Distribution des résultats
% des personnes avec chaque résultat
Percentile par nombre de réponses
Votre historique - résultats
Vous n’avez pas pris ce quiz